| 000 | 00522nam a2200181 a 4500 | ||
|---|---|---|---|
| 001 | 2672 | ||
| 003 | CDMR | ||
| 005 | 20131018161620.0 | ||
| 008 | 130130s1988||||||||||||||||||||||||||||d | ||
| 020 | _a9688881767 | ||
| 040 |
_aCDMR _bcat _cCDMR |
||
| 100 | 1 |
_aPatten, David A. _92004 |
|
| 245 | 1 | 4 |
_aLos periódicos y los nuevos medios en comunicación _cDavid A. Patten |
| 260 |
_aMéxico _c1988 _bPrisma |
||
| 300 | _a158 p. | ||
| 650 | 0 | 4 |
_93080 _aMitjans de comunicació de massa _xInnovacions tecnològiques |
| 942 |
_cMON _2udc |
||
| 999 |
_c2672 _d2672 |
||